000 00749nam a2200289Ia 4500
003 OSt
005 20221005081137.0
006 a|||||r|||| 00| 0
007 ta
008 221004b |||||||| |||| 00| 0 eng d
020 _a8120309766
024 _a23811
037 _cTextual
040 _aCRL
_cCRL
_beng
041 _2eng
_aeng
082 _aX652:8, N5
100 _aFischer Donald E
245 0 _aSecurity analysis and portfolio management
250 _a6th
260 _aNew Delhi
_bPrentice Hall
_c1997
300 _a691p.
_ccm.
650 _a ECONOMICS
650 _aMONEY
700 _a Jordan Ronald J.
942 _hX652:8, N5
_cTEXL
_2cc
999 _c987255
_d987255